Taxmann students' guide to indirect tax laws : (Record no. 138895)

MARC details
000 -LEADER
fixed length control field 00891nam a22002057a 4500
005 - DATE AND TIME OF LATEST TRANSACTION
control field 20170413155630.0
010 ## - LCCN (DPL NO)
LC control number 1516ENO7
020 ## - INTERNATIONAL STANDARD BOOK NUMBER
International Standard Book Number 9789350718315
Terms of availability 345.00
035 ## - SYSTEM CONTROL NUMBER
System control number B-667614
037 ## - SOURCE OF ACQUISITION
Stock number dpl
Source of stock number/acquisition KBD/Ven
082 ## - DEWEY DECIMAL CLASSIFICATION NUMBER
Classification number 343.055
100 ## - MAIN ENTRY--PERSONAL NAME
Personal name Singhania, Vinod K.
245 ## - TITLE STATEMENT
Title Taxmann students' guide to indirect tax laws :
Statement of responsibility, etc by Vinod K. Singhania [and] Monica Singhania
Remainder of title service tax / vat /central excise/ customs law /
260 ## - PUBLICATION, DISTRIBUTION, ETC. (IMPRINT)
Place of publication, distribution, etc New Delhi
Name of publisher, distributor, etc Taxmann Publications
Date of publication, distribution, etc 2015
270 ## - ADDRESS
Address 59/32, New Rohtak Road,
City New Delhi
Postal code 110005
Telephone number +91-11-45562222
300 ## - PHYSICAL DESCRIPTION
Extent I-16,375p.
Dimensions 24cm(pbk)
700 ## - ADDED ENTRY--PERSONAL NAME
Personal name Singhania, Monica
942 ## - ADDED ENTRY ELEMENTS (KOHA)
Source of classification or shelving scheme Dewey Decimal Classification
Item type English Books
Call number suffix SIN
Classification part 343.055
Holdings
Withdrawn status Lost status Not for loan Collection code Home library Current library Date acquired Source of acquisition Cost, normal purchase price Full call number Barcode Copy number Cost, replacement price Koha item type
      Non-fiction Ashok Vihar Ashok Vihar 13/04/2017 BPPD/EN/2015-16/AV/16-17/393/24.2.2017/BL-18/24.2.2017/ 17.3.2017 345.00 343.055 SIN B-667614 1 345.00 English Books

© Delhi Public Library
Hit Counter
free hit counter